Statistics for Muslim caliphates

Click here to take the quiz!

General Stats

  • This quiz has been taken 157 times
    (148 since last reset)
  • The average score is 5 of 8

Answer Stats

Start and end of the caliphateCaliphate% Correct
1453/1517-1924Ottoman Caliphate
93%
2014-presentISIL Caliphate
78%
661-750Umayyad Caliphate
75%
929-1031Umayyad Caliphate of Cordoba
73%
750-1517Abbasid Caliphate
60%
632-661Rashidun Caliphate
57%
909-1171Fatimid Caliphate
54%
1147-1269Almohad Caliphate
11%

Score Distribution

Percentile by Number Answered

Percent of People with Each Score

Your Score History

You have not taken this quiz since the last reset